Normal view
MARC view
- Satyendra singh
Entry Personal Name
001 - CONTROL NUMBER
- control field: 26146
003 - CONTROL NUMBER IDENTIFIER
- control field: NUST
005 - DATE AND TIME OF LATEST TRANSACTION
- control field: 20191125154547.0
008 - FIXED-LENGTH DATA ELEMENTS
- fixed length control field: 191125|| aca||aabn | a|a d
040 ## - CATALOGING SOURCE
- Original cataloging agency: NUST
- Transcribing agency: NUST
100 ## - HEADING--PERSONAL NAME
- Personal name: Satyendra singh
670 ## - SOURCE DATA FOUND
- Source citation: Work cat.: (NUST): Satyendra singh, An Introduction to General Improvement, c2013
